BUT Réseaux et télécommunications en France - Statistiques

Statistiques générales
  • Ce quiz a été pris 11 fois
  • Le résultat moyen est 5 sur 30
Statistiques - réponses
villes % Correct
Marseille
50%
Annecy
38%
Auxerre
38%
Colmar
38%
Grenoble
38%
Nice
38%
Saint-Malo
38%
Caen
25%
Vitry-sur-Seine
25%
Montbéliard
25%
Nancy
25%
Blagnac
13%
Clermont-Ferrand
13%
Dijon
13%
Kourou
13%
Poitiers
13%
Roanne
13%
Valence
13%
Béthune
0%
Blois
0%
Elbeuf
0%
Béziers
0%
Châlons-en-Champagne
0%
Saint-Pierre
0%
Lannions
0%
La Rochelle
0%
Mont De Marsan
0%
Roche-sur-Yon
0%
Vélizy-Villacoublay
0%
Villetaneuse
0%
Aucun quiz correspondant
Distribution des résultats
% des personnes avec chaque résultat
Percentile par nombre de réponses
Votre historique - résultats
Vous n’avez pas pris ce quiz